[Event "Lidums Checkmate Op"]
[Site "Adelaide"]
[Date "2007.07.07"]
[Round "4.8"]
[White "Ayris, Tony"]
[Black "Obst, James"]
[Result "1/2-1/2"]
[Annotator "Fritz 10"]
[BlackElo "2234"]
[EventCountry "AUS"]
[EventDate "2007.07.07"]
[EventRounds "7"]
[EventType "swiss"]
[PlyCount "124"]
[WhiteElo "2094"]

{ B40: Sicilian: 2...e6, Unusual lines } 1. e4 c5 2. Nf3 e6 3. d4 cxd4 4. Nxd4
Qb6 5. Nb3 Qc7 6. Nc3 a6 7. Be2 Nf6 8. O-O b5 9. a3 ( 9. Bf3 Nc6 10. g3 Bb7 11.
Bg2 d6 12. Re1 Be7 13. a4 b4 14. Na2 O-O 15. Bf4 Rfd8 16. Qd2 Rab8 17. Rac1 Ne5
18. Nxb4 Bxe4 19. Nxa6 Qb7 20. Rxe4 Nxe4 21. Nxb8 Nxd2 22. Bxb7 Nxb3 23. cxb3
Rxb8 { Anand,V  ( 2715 ) -Polgar,J  ( 2630 ) /Monte Carlo 1995/CBM 046 ext/1-0 
( 32 )}  )9... Bb7 10. Bf3 d6 { Black has a cramped position}  11. Bf4 $146 (
11. Re1 Nbd7 12. Bg5 Be7 13. Qd2 Rc8 14. Rad1 O-O 15. g3 Ne5 16. Qf4 Nxf3+ 17.
Qxf3 Nxe4 18. Nxe4 Bxg5 19. Qh5 Bxe4 20. Rxe4 Qxc2 21. Qf3 Qxb2 22. Rxe6 Rc3
23. Rd3 { 0-1 Perez Gutierrez,N  ( 1261 ) -Pereda de Pablo,E  ( 1567 ) /Santa
Cruz de Tenerife 2002/CBM 086ext}  )( 11. Na5 $1 Qxa5 12. e5 $11 )11... Nbd7
$11 12. Re1 { White has a very active position}  12... Ne5 13. Be2 Rc8 14. Bd3
Be7 15. Qe2 { White has an active position}  15... O-O { Black castles and
improves king safety}  16. Bg3 Qb6 17. Qe3 Qxe3 18. Rxe3 Bd8 19. h3 { Covers
g4}  19... Bb6 20. Re2 Nxd3 21. cxd3 d5 22. exd5 Nxd5 ( 22... Bxd5 $5 23. Nxd5
Nxd5 $17 ( 23... exd5 $6 24. Kf1 $11 ))23. Ne4 $15 Bc7 ( 23... Ba8 $15)24. Nd6
( 24. Nec5 $5 $142 { and White can hope to live}  24... Bxg3 25. fxg3 $11
)24... Bxd6 $17 25. Bxd6 Rfd8 26. Bg3 Nb6 27. d4 Na4 28. Rd1 Bd5 { Black
threatens to win material: Bd5xb3. A sound move}  29. Na5 Nb6 30. Red2 ( 30. f3
Kf8 $15 )30... Nc4 31. Nxc4 Rxc4 32. Bh4 ( 32. Rd3 Rdc8 $15 )32... Rdc8 ( 32...
f6 33. f3 $17 )33. Be7 $15 Rc2 34. Bb4 Bb3 35. Rxc2 { White has a mate threat} 
35... Rxc2 36. Rd2 Rc1+ 37. Kh2 f6 38. Bc3 Kf7 39. Kg3 Ke7 40. f3 Kd6 41. Kf2
Kd5 42. Re2 Bc4 { Black threatens to win material: Bc4xe2}  43. Rd2 Ba2 44. Ke3
Kc4 ( 44... g5 45. Bb4 $15 )45. Kf2 Bb1 46. Re2 Rc2 47. Rxc2 Bxc2 { A bishop
endgame occured}  48. Ke3 Kb3 49. Kd2 Bg6 50. Kc1 Kc4 51. Kd2 h5 52. h4 Bh7 53.
g3 Bg6 54. Ke3 Kb3 55. Kd2 Ka4 56. Bb4 { White has a mate threat}  56... Be8 $4
{ ruins a clearly superior position}  ( 56... Kb3 57. Bc3 $11 )57. Bf8 ( 57.
Kc3 Bc6 58. b3# )57... g5 58. Be7 gxh4 59. gxh4 f5 { Black has a new backward
pawn: e6}  60. Kc3 b4+ 61. Bxb4 Kb5 62. f4 Bc6  1/2-1/2

[Event "Lidums Checkmate Op"]
[Site "Adelaide"]
[Date "2007.07.07"]
[Round "4.9"]
[White "Stojic, Dusan"]
[Black "Peake, Michael"]
[Result "1-0"]
[Annotator "Fritz 10"]
[BlackElo "1774"]
[EventCountry "AUS"]
[EventDate "2007.07.07"]
[EventRounds "7"]
[EventType "swiss"]
[PlyCount "39"]
[WhiteElo "2169"]

{ B57: Classical Sicilian: Sozin with 6...Qb6 } 1. e4 c5 2. Nf3 d6 3. d4 cxd4 4.
Nxd4 Nc6 5. Nc3 Nf6 6. Bc4 g6 7. Nxc6 bxc6 8. e5 Nd7 9. exd6 exd6 10. O-O d5
11. Nxd5 Nb6 12. Qe2+ Be6 13. Nxb6 axb6 14. Bxe6 fxe6 15. Qxe6+ Be7 16. Qxc6+
$146 ( 16. Re1 Rc8 17. Bg5 Rc7 18. Rad1 Qc8 19. Qxc8+ Rxc8 20. Rxe7+ Kf8 21.
Rdd7 h6 22. Bf6 Re8 23. Rf7+ Kg8 24. Rg7+ Kf8 25. Rdf7# { 1-0
Kale,K-Yesilyurt,C/Kusadasi 2004/CBM 099 ext}  )16... Kf7 17. Bh6 ( 17. Re1
$142 { and White has prevailed}  17... Ra5 18. Bh6 $18 )17... Qd6 18. Qc4+ (
18. Qf3+ { keeps an even firmer grip}  18... Qf6 19. Qb3+ Qe6 $18 )18... Qe6
19. Qxe6+ Kxe6 20. Rfe1+ ( 20. Rfe1+ Kf7 21. Rad1 $18 ) 1-0

[Event "Lidums Checkmate Op"]
[Site "Adelaide"]
[Date "2007.07.07"]
[Round "4.10"]
[White "Morris, James"]
[Black "Zaric, Srboljub"]
[Result "1-0"]
[Annotator "Fritz 10"]
[BlackElo "2144"]
[EventCountry "AUS"]
[EventDate "2007.07.07"]
[EventRounds "7"]
[EventType "swiss"]
[PlyCount "73"]
[WhiteElo "2035"]

{ E01: Catalan: Early deviations } 1. d4 d5 2. c4 c6 3. Nc3 e6 4. Nf3 Nf6 5. g3
Nbd7 6. Bg2 Bd6 7. O-O dxc4 ( 7... b6 8. cxd5 exd5 9. Re1 O-O 10. e4 dxe4 11.
Ng5 Bb7 12. Ngxe4 Be7 13. Bf4 Nxe4 14. Nxe4 Nf6 15. Rc1 Nd5 16. Bd2 Qd7 17. a3
Rfe8 18. Qh5 Nf6 19. Nxf6+ Bxf6 20. Be3 c5 21. Bxb7 Qxb7 22. dxc5 { Jensen,H  (
2091 ) -Christensen,H/Esbjerg 2006/CBM 113 ext/1-0  ( 46 )}  )8. Nd2 $146 {
White threatens to win material: Nd2xc4}  ( 8. a4 Qa5 ( 8... a5 9. Bg5 Nb6 10.
e4 Be7 11. Qe2 O-O 12. Rfd1 Ne8 13. Be3 Bb4 14. Ne5 Qe7 15. Nxc4 Nxc4 16. Qxc4
Bd7 17. Na2 b5 18. axb5 Nd6 19. Qd3 Nxb5 20. d5 e5 21. Nxb4 axb4 22. Rac1 Rfc8
23. dxc6 { Wells,P  ( 2495 ) -Bosch,J  ( 2425 ) /Germany 1997/GER-chT/1-0  ( 32
)}  )9. e4 Bb4 10. e5 Bxc3 11. exf6 Bb4 12. fxg7 Rg8 13. Qc2 Rxg7 14. Qxc4 Nb6
15. Qc2 Qf5 16. Qb3 a5 17. Bh6 Rg8 18. Bd2 e5 19. Bxb4 Be6 20. Qe3 Nd5 21. Qxe5
Qxe5 22. dxe5 Nxb4 { Ferrara,A  ( 2216 ) -Primavera,C  ( 2051 ) /Villa
Ballester 2004/CBM 098 ext/1-0  ( 35 )}  )( 8. Bg5 Nb6 ( 8... h6 9. Bxf6 Nxf6
10. Nd2 e5 11. d5 cxd5 12. Nxd5 Nxd5 13. Nxc4 Bc7 14. Qxd5 Qxd5 15. Bxd5 Ke7
16. Rac1 Rb8 17. Ne3 Bb6 18. Nc4 Bc7 19. Rfd1 Rd8 20. e4 b5 21. Nd2 Bb6 22. Nf3
f6 23. Kg2 { Poluljahov,A  ( 2460 ) -Lunev,A  ( 2385 ) /Briansk 1995/CBM 049
ext/1/2-1/2  ( 34 )}  )9. e4 h6 10. Bxf6 gxf6 11. e5 Be7 12. exf6 Bxf6 13. Ne5
O-O 14. Qh5 Bg7 15. Rad1 Qe7 16. Rfe1 Rd8 17. h4 Bd7 18. Qe2 Be8 19. Ne4 Na4
20. Nxc4 Rxd4 21. Rxd4 Bxd4 22. Ned6 Qf6 { Lputian,S  ( 2607 ) -Bologan,V  (
2676 ) /Poikovsky 2001/CBM 084/1/2-1/2  ( 33 )}  )8... Nb6 9. e3 { Consolidates
f4}  ( 9. Na4 $5 $11)9... O-O 10. Qe2 e5 11. dxe5 Bxe5 12. Nxc4 Nxc4 13. Qxc4
Be6 { Black threatens to win material: Be6xc4}  14. Qe2 Qb6 15. f4 ( 15. e4 Bd4
$15 )15... Bxc3 $17 16. bxc3 Bd5 17. c4 Bxg2 18. Kxg2 Rfe8 19. g4 ( 19. Rd1 Re4
$17 )19... Rad8 $19 20. g5 Ne4 21. Rd1 Rxd1 22. Qxd1 Rd8 ( 22... Qb4 $5 23. Qc2
$19 )23. Qc2 $17 f5 ( 23... Nc5 $5 $142 24. Rb1 Qa5 $17 )24. gxf6 $11 Nxf6 25.
c5 { White threatens to win material: c5xb6}  ( 25. Rb1 Qa6 $11 )25... Qc7 (
25... Qa5 $5 26. Rb1 b5 27. cxb6 axb6 $17 )26. Bb2 $11 Qd7 27. Bd4 Nd5 28. Kg3
( 28. Rf1 Qe6 29. Rf3 Nb4 $11 )28... Re8 29. Re1 Nxf4 ( 29... b5 $5 $15 { is
interesting} )30. Kxf4 $11 { White wins a piece}  30... Qh3 31. Qb3+ { White
forks: g8+b7}  31... Kh8 $4 { Black loses the upper hand}  ( 31... Kf8 $142 {
would bring relief}  32. Bxg7+ Kxg7 33. Qxb7+ Kh6 $11 )32. Qf7 $18 Qxh2+ 33.
Kf3 Rg8 34. Rd1 Qh3+ 35. Ke2 h6 $4 { a blunder in a bad position}  ( 35... Qg2+
36. Qf2 Qg6 $18 )36. Qg6 b6 37. Bxg7+ $1 { Mate attack}  ( 37. Bxg7+ Rxg7 38.
Rd8+ Rg8 39. Rxg8# ) 1-0

[Event "Lidums Checkmate Op"]
[Site "Adelaide"]
[Date "2007.07.07"]
[Round "4.11"]
[White "Jackson, Ralph E"]
[Black "Wright, Neil S"]
[Result "0-1"]
[Annotator "Fritz 10"]
[BlackElo "2141"]
[EventCountry "AUS"]
[EventDate "2007.07.07"]
[EventRounds "7"]
[EventType "swiss"]
[PlyCount "67"]
[WhiteElo "1938"]

{ D82: Grünfeld: 4 Bf4 } 1. d4 Nf6 2. c4 g6 3. Nc3 d5 4. Bf4 Bg7 5. e3 c5 6.
cxd5 Nxd5 7. Bxb8 ( 7. Nxd5 Qxd5 8. Qc2 Bf5 9. Qxc5 Qxc5 10. dxc5 Bxb2 11. Bb5+
Nc6 12. Rd1 Bc2 13. Rd2 Bc3 14. Be5 Bxd2+ 15. Kxd2 O-O-O+ 16. Kxc2 Nxe5 17. Ne2
Rd5 18. Nc3 Rxc5 19. Rd1 Kb8 20. Rd5 Rxd5 21. Nxd5 Rc8+ { Alonso,H-Musanti,D  (
2287 ) /Buenos Aires 2002/CBM 090 ext/0-1  ( 43 )}  )7... Rxb8 8. Qa4+ Bd7 9.
Bb5 O-O $146 ( 9... Nxc3 10. bxc3 a6 11. Bxd7+ Qxd7 12. Qxd7+ Kxd7 13. Ne2 (
13. Nf3 Rhc8 14. Kd2 b5 15. Rab1 h6 16. Rb2 f5 17. Rhb1 e6 18. a4 Kc6 19. axb5+
axb5 20. Ra2 Ra8 21. Rba1 Rxa2+ 22. Rxa2 Kb6 23. Ra3 c4 24. Ne1 Bf8 25. Ra1 Bd6
26. Nc2 g5 27. h3 h5 { Hult,B  ( 2200 ) -Welin,T  ( 2215 ) /Stockholm
1980/MCD/0-1  ( 43 )}  )13... Rhc8 14. O-O cxd4 15. cxd4 Rc2 16. Nc1 Rbc8 17.
Nd3 R8c3 18. Nc5+ Kc8 19. Rab1 Rxa2 20. Rxb7 Rxc5 { 0-1 Hein,C  ( 2200 )
-Belke,F  ( 2200 ) /Ilmenau 1981/MCD}  )( 9... Nxc3 10. bxc3 a6 11. Bxd7+ Qxd7
12. Qb3 $15 )10. Bxd7 $11 { White wins a piece}  10... Nb6 { Black threatens to
win material: Nb6xa4}  11. Qxa7 cxd4 12. exd4 Nxd7 13. Nge2 { Black has a
cramped position}  13... Qc7 14. Qa4 Rfd8 15. O-O Nb6 { Attacks the isolani on
d4. Black threatens to win material: Nb6xa4}  ( 15... Qb6 16. Qb5 $14 )16. Qb4
Nd5 17. Nxd5 Rxd5 18. Rfd1 Rbd8 19. Rac1 { White threatens to win material:
Rc1xc7}  19... Qd7 20. Rc5 Rxc5 21. Qxc5 Rc8 22. Qb4 Rc2 23. Re1 ( 23. Kf1 Qe6
24. Re1 Bf6 $11 )23... Bf6 24. Qb3 ( 24. Kf1 $5 $11 { deserves consideration}
)24... Qf5 $17 25. f3 Rd2 ( 25... Qa5 $5 26. Kf1 Qd2 27. Qxb7 Rxb2 $17 )26.
Qxb7 Qc2 { Black threatens to win material: Qc2xb2}  ( 26... Qg5 27. Kf1 $15
)27. Qb5 ( 27. Kf1 $5 $11 $142 { has some apparent merit} )27... Bxd4+ $15 28.
Kf1 Bxb2 29. Qe8+ { White forks: e7+g8}  29... Kg7 30. Qxe7 Bf6 { Black
threatens to win material: Bf6xe7}  31. Qa7 { Black king safety improved} 
31... Bd4 { Black threatens to win material: Bd4xa7}  32. Qa5 $4 ( 32. Qb8 Qc5
( 32... Qxa2 $143 33. Nxd4 Rf2+ 34. Kg1 Rxg2+ 35. Kh1 $18 )33. Nxd4 Qxd4 34.
Qe5+ Qxe5 35. Rxe5 Rxa2 $11 )32... Bf6 $4 { forfeits the clear win}  ( 32...
Qd3 $142 { and Black can celebrate victory}  33. Qg5 Bc3 $19 )33. a4 Qb2 34.
Qc5  0-1

[Event "Lidums Checkmate Op"]
[Site "Adelaide"]
[Date "2007.07.07"]
[Round "4.12"]
[White "Hoile, Robert"]
[Black "Zvedeniouk, Ilya"]
[Result "0-1"]
[Annotator "Fritz 10"]
[BlackElo "2123"]
[EventCountry "AUS"]
[EventDate "2007.07.07"]
[EventRounds "7"]
[EventType "swiss"]
[PlyCount "86"]
[WhiteElo "1904"]

{ D55: Queen's Gambit Declined: 4 Bg5 Be7: Lines without ...h6 and 6...h6 7 Bxf6
} 1. d4 e6 2. c4 Nf6 3. Nc3 d5 4. Bg5 Nbd7 5. e3 Be7 6. Nf3 O-O 7. Qc2 b6 8.
cxd5 exd5 9. Bd3 Bb7 10. O-O Ne4 11. Bf4 Ndf6 ( 11... f5 12. Ne5 Kh8 13. Nb5 c5
14. Nc7 Rc8 15. Ne6 Qe8 16. Bb5 cxd4 17. Qd1 Nef6 18. exd4 a6 19. Nxf8 Bxf8 20.
Bxd7 Nxd7 21. Rc1 { 1-0 Grabarczyk,M  ( 2522 ) -Krainski,A  ( 2271 ) /Bydgoszcz
2000/CBM 076 ext}  )12. Ne5 ( 12. Bxc7 Qd7 13. Bg3 Rac8 14. Rac1 Bb4 15. Qb3
Bxc3 16. bxc3 Qg4 17. Rfe1 h5 18. Ne5 Qe6 19. f3 Nxg3 20. hxg3 Rc7 21. a4 g6
22. Kf2 Kg7 23. Qa3 Ng8 24. c4 Rfc8 25. cxd5 Bxd5 26. Rxc7 Rxc7 { Van
Hoolandt,P  ( 2246 ) -Al Ghasra,A  ( 2165 ) /Turin 2006/CBM 113/1-0  ( 42 )} 
)12... c5 13. dxc5 $146 ( 13. f3 cxd4 14. exd4 Nxc3 15. bxc3 g6 16. Bh6 Rc8 17.
Bxf8 Bxf8 18. Qb3 Nh5 19. g3 Qc7 20. c4 f6 21. cxd5 Kg7 22. Rac1 Qd6 23. Rxc8
Bxc8 24. f4 g5 25. Qc2 Bh3 26. Bxh7 fxe5 27. fxe5 Qh6 { Adok,J  ( 2230 )
-Toth,J  ( 2285 ) /Hungary 1991/TD/1-0  ( 34 )}  )13... Nxc5 14. Be2 Bd6 15.
Bg3 ( 15. Nb5 $5 Bb8 16. Nd4 $11 )15... Nce4 16. Nf3 Nxg3 17. hxg3 { Black has
the pair of bishops}  ( { Inferior is } 17. fxg3 Qe7 18. Nd1 Ng4 $19 )17... Rc8
18. Qa4 a6 { Controls b5}  19. Rfd1 Qe7 ( 19... b5 20. Qb3 $15 )20. Qh4 $11 b5
21. Nd4 Qd7 { Black has an active position}  ( 21... b4 22. Nb1 $11 )22. Bf3 (
22. Bd3 Qd8 $14 )22... b4 $11 { Black threatens to win material: b4xc3}  23.
Nce2 { White has a cramped position}  23... Be5 24. Qg5 { White threatens to
win material: Qg5xe5}  24... Rfe8 25. Nf5 g6 { Prevents intrusion on h5}  26.
Ned4 { The knight feels good on d4}  ( 26. Nfd4 Ne4 27. Qh6 Qe7 $15 )26... Kh8
( 26... h5 $5 $17)27. Nh6 $11 a5 ( 27... Rc7 28. Rac1 $11 )28. Ng4 ( 28. a3 Rc7
$14 )28... Nxg4 $11 29. Bxg4 f5 30. Nxf5 $4 { weakening the position}  ( 30.
Bf3 $11 $142 { this is the best way to fight back} )30... gxf5 $19 31. Bxf5 Qd8
32. Qh5 Rc7 33. Rac1 Ree7 ( 33... Rg7 34. Rd2 $19 )34. Rxc7 Qxc7 ( 34... Rxc7
35. Bxh7 Bxb2 36. Be4+ Kg7 37. Bxd5 $11 )35. b3 Bc3 36. g4 Qe5 37. Qh6 ( 37. e4
d4 38. Qh6 Rf7 $19 )37... Qf6 38. Qf4 Be5 ( 38... h6 $5 { makes it even easier
for Black}  39. Qg3 $19 )39. g5 Qf8 40. Qg4 Rf7 41. e4 ( 41. Bd3 Rxf2 42. Qh5
h6 $19 )41... dxe4 42. Bxe4 ( 42. g6 Re7 43. Qh4 $19 )42... Rf4 43. Qe6 ( 43.
Qh5 { what else?}  43... Rxe4 44. g6 $19 )43... Rxe4 ( 43... Rxe4 44. Qb6 Re2
$19 )( 43... Bxe4 $2 44. Qxe5+ Kg8 45. Qe6+ Kh8 46. Qb6 $18 ) 0-1

[Event "Lidums Checkmate Op"]
[Site "Adelaide"]
[Date "2007.07.07"]
[Round "4.13"]
[White "Lin, Zhigen Wilson"]
[Black "Srdic, Goran"]
[Result "0-1"]
[Annotator "Fritz 10"]
[BlackElo "2006"]
[EventCountry "AUS"]
[EventDate "2007.07.07"]
[EventRounds "7"]
[EventType "swiss"]
[PlyCount "110"]
[WhiteElo "2097"]

{ C18: French: 3 Nc3 Bb4: Main line: 7 h4 and 7 Qg4 } 1. e4 e6 2. d4 d5 3. Nc3
Bb4 4. e5 c5 5. a3 Bxc3+ 6. bxc3 Ne7 7. Qg4 O-O 8. Bd3 Qa5 9. Bd2 Nbc6 10. Nf3
f5 11. Qh5 ( 11. exf6 Rxf6 12. Qh5 Nf5 13. c4 Qa4 14. cxd5 exd5 15. dxc5 Bd7
16. O-O Be8 17. Qh3 Bg6 18. Bc3 d4 19. Bd2 Nfe7 20. Ng5 Bxd3 21. Qxd3 Ng6 22.
f4 Raf8 23. Rae1 h6 24. Ne4 Rf5 25. Nd6 Nxf4 { Svidler,P  ( 2672 ) -Psakhis,L 
( 2599 ) /Haifa 2000/CBM 074 ext/1-0}  )11... Bd7 ( 11... c4 12. Be2 Bd7 13.
Ng5 h6 14. Nh3 Be8 15. Qh4 Ng6 16. Qg3 f4 17. Qg4 Rf5 18. g3 f3 19. Nf4 Nxf4
20. gxf4 Bh5 21. Qg3 fxe2 22. Rg1 g6 23. Qh3 Qa4 24. Ra2 Kh7 25. f3 Re8 26. Kf2
{ Iordanidou,Z  ( 1945 ) -Skaperdas,K  ( 2235 ) /Athens 2006/CBM 112 ext/0-1} 
)12. Qh4 $146 ( 12. Ng5 h6 13. Nh3 Rf7 14. Nf4 Qa4 15. dxc5 Nxe5 16. O-O Nc4
17. Bxc4 Qxc4 18. Nd3 Nc6 19. Rab1 Be8 20. Rfe1 Re7 21. Qf3 Bf7 22. Rb3 d4 23.
Rxb7 Rxb7 24. Qxc6 Rab8 25. Ne5 Qb5 26. cxd4 Qxc6 { Spoelman,W  ( 2277 )
-Sohier,J  ( 2174 ) /Paris 2004/CBM 101 ext/1/2-1/2  ( 59 )}  )( 12. a4 $5
$16)12... Qa4 $14 13. dxc5 ( 13. Ng5 $5 h6 14. Nf3 $11 )13... Qxh4 $15 14. Nxh4
Nxe5 15. Bf4 { White threatens to win material: Bf4xe5}  15... Nf7 16. Nf3 (
16. Rb1 $5 { should not be overlooked}  16... b6 17. cxb6 axb6 18. Rxb6 $15
)16... Ng6 $17 17. Bd2 e5 18. Be2 Rfc8 19. Rb1 Rab8 20. c4 Rxc5 ( 20... d4 21.
h4 $19 )21. cxd5 $17 Rxc2 22. Bd1 Rc5 ( 22... Ra2 23. Bc1 Nf4 24. O-O $17 )23.
Bb4 ( 23. Bb3 Nf4 24. Bxf4 exf4 $15 )23... Rxd5 24. Bb3 Rd3 25. Bc4 e4 { Black
threatens to win material: e4xf3}  ( 25... Rxf3 $142 26. gxf3 b5 $17 )26. Ng5
$4 ( 26. Bxd3 $142 { is just about the only chance}  26... exd3 27. Kd2 $11
)26... Ne5 $19 27. Ba2 ( 27. Bb3 Rc8 28. Nxf7 Nxf7 $19 )27... h6 ( 27... a5
$142 { keeps an even firmer grip}  28. Bxf7+ Nxf7 29. Nxf7 Kxf7 ( 29... axb4 $6
30. Ne5 bxa3 31. Nxd3 exd3 32. Kd2 $19 )30. Bxa5 Rxa3 $19 )28. Nxf7 Nxf7 29.
O-O Bc6 30. h3 ( 30. Rfc1 Re8 $19 )30... Bd5 31. Bxd5 Rxd5 32. Rfc1 ( 32. f3 e3
33. Rfc1 Rd7 $19 )32... Rbd8 33. Rc7 R8d7 34. Rbc1 Ne5 ( 34... Kh7 { seems even
better}  35. Rxd7 Rxd7 36. Rc5 $19 )35. R1c2 $2 ( 35. Rxd7 Nxd7 36. Rc7 b6 37.
Rxa7 Rd1+ 38. Kh2 Kf7 $19 )35... Rxc7 ( 35... Kf7 $1 $142 { and Black can
already relax}  36. Kf1 $19 )36. Rxc7 Rd7 ( 36... Rd1+ $142 37. Kh2 Rd7 $19
)37. Rc8+ $2 ( 37. Rc5 $142 Nd3 38. Rxf5 $19 )37... Kf7 38. Bc3 Nd3 39. Kf1 (
39. g4 { doesn't get the cat off the tree}  39... fxg4 40. hxg4 Nf4 $19 )39...
Nf4 40. Be1 ( 40. f3 { a last effort to resist the inevitable}  40... exf3 41.
gxf3 Nxh3 42. Be5 $19 )40... Rd1 41. Rc7+ ( 41. f3 { doesn't change the outcome
of the game}  41... Nd3 42. Ke2 Rxe1+ ( 42... Nxe1 $143 43. Rc7+ Kf6 44. Kxd1
Nxg2 45. fxe4 $14 )43. Kd2 Ra1 44. fxe4 fxe4 $19 )41... Kf6 42. Rxb7 ( 42. f3 {
is not much help}  42... Nd3 43. Ke2 Rxe1+ ( 43... Nxe1 $143 44. Kxd1 Nxg2 45.
fxe4 $14 )44. Kd2 Ra1 45. fxe4 fxe4 $19 )42... Nd3 43. Kg1 ( 43. Ke2 { is the
last straw}  43... Rxe1+ 44. Kd2 $19 )43... Rxe1+ 44. Kh2 Nxf2 ( 44... f4 $142
{ seems even better}  45. Rc7 Nxf2 46. g4 $19 )45. Rxa7 f4 46. g4 f3 47. Ra6+
Ke5 ( 47... Kg5 48. Kg3 Nh1+ 49. Kh2 Re2+ 50. Kxh1 Kf4 51. Rb6 Kg3 52. Rb1 f2
53. Rb3+ e3 54. Rxe3+ Rxe3 55. g5 f1=Q# )48. Ra5+ Kf4 49. Rf5+ Ke3 50. g5 ( 50.
Kg3 { cannot undo what has already been done}  50... Rh1 51. Rh5 g5 52. Rxh6
Rg1+ 53. Kh2 Rg2# )50... h5 ( 50... Rh1+ 51. Kg3 Rxh3# )51. Kg3 Nh1+ ( 51...
Rh1 52. Rxf3+ exf3 53. a4 Rxh3# )52. Kh2 ( 52. Kh4 { does not save the day} 
52... g6 53. Rc5 f2 54. Rc3+ Kd4 55. Rc6 f1=Q 56. Rxg6 Re3 57. Rd6+ Ke5 58.
Rd5+ Kxd5 59. Kxh5 Rxh3+ 60. Kg6 Ke6 61. a4 Qf7# )52... h4 53. g6 ( 53. Rb5 { a
fruitless try to alter the course of the game}  53... Nf2 54. Rb3+ Kf4 55.
Rxf3+ exf3 56. g6 Rh1# )53... Ng3 54. Rxf3+ Kxf3 55. a4 Rh1#  0-1

[Event "Lidums Checkmate Op"]
[Site "Adelaide"]
[Date "2007.07.07"]
[Round "4.14"]
[White "Wedding, Robin"]
[Black "Sykes, Alexander"]
[Result "1-0"]
[Annotator "Fritz 10"]
[BlackElo "1930"]
[EventCountry "AUS"]
[EventDate "2007.07.07"]
[EventRounds "7"]
[EventType "swiss"]
[PlyCount "87"]
[WhiteElo "1856"]

{ B22: Sicilian: 2 c3 } 1. e4 c5 2. c3 Nf6 3. e5 Nd5 4. Nf3 e6 5. d4 cxd4 6.
cxd4 b6 7. Nc3 Bb7 8. Bd3 Be7 9. O-O f5 10. exf6 Nxf6 11. Be3 $146 ( 11. Ng5
O-O 12. Nce4 Nxe4 13. Nxe4 Nc6 14. Bb1 Nb4 15. Nc3 Qe8 16. Qg4 Rc8 17. Bg5 Bxg5
18. Qxg5 Qf7 19. Qh4 g6 20. a3 Nd5 21. Ne4 Qf4 22. Qxf4 Nxf4 23. Rd1 Bd5 24. f3
Bb3 25. Re1 Nd5 { Seferjan,N  ( 2350 ) -Vesselovsky,S  ( 2455 ) /Moscow
1994/CBM 041/1/2-1/2}  )( 11. Bg5 O-O 12. Qe2 Nc6 13. a3 Nd5 14. Qe4 g6 15. Bh6
Nxc3 16. bxc3 Rf7 17. Qg4 Bf8 18. Bg5 Be7 19. h4 Qc7 20. Bd2 Bf6 21. Bf4 Qd8
22. h5 Ne7 23. Ne5 Rg7 24. h6 Bxe5 25. hxg7 Bxg7 { Afek,Y  ( 2316 ) -Meulblok,W
 ( 2081 ) /Vlissingen 2006/CBM 113 ext/1-0  ( 40 )}  )11... Na6 12. Ne5 ( 12.
d5 Nb4 13. dxe6 Nxd3 14. Qxd3 dxe6 $11 )12... Nb4 { White has a very active
position}  13. Bb1 Rc8 14. a3 { White threatens to win material: a3xb4}  14...
Nbd5 15. Qd3 a6 { Covers b5}  ( 15... d6 16. Qb5+ Kf8 17. Nxd5 Bxd5 18. Nd3 $11
)16. f4 Nxc3 17. bxc3 Qc7 { Black threatens to win material: Qc7xc3}  18. Bd2
b5 { White has a new backward pawn: c3}  ( 18... O-O 19. Qh3 Ne4 20. Re1 $18
)19. Re1 Bd5 20. Ba2 ( 20. a4 Rb8 $14 )20... Qb7 ( 20... O-O $5 $15)21. Bxd5
$11 Qxd5 22. a4 O-O 23. axb5 axb5 24. Ra5 { White threatens to win material:
Ra5xb5}  24... Rb8 25. Rb1 { Increasing the pressure on the isolated pawn on
b5}  25... Qe4 ( 25... d6 26. Raxb5 Rxb5 27. Rxb5 $14 )26. Qxe4 { White king
safety improved}  26... Nxe4 27. Be1 Rxf4 28. Raxb5 ( 28. Nxd7 Rc8 29. g3 $14
)28... Rc8 $2 { Attacking the backward pawn on c3}  ( 28... Rxb5 $5 $142 { and
Black has air to breath}  29. Rxb5 d6 $11 )29. Rb8 $16 Rff8 30. Nxd7 Rfd8 31.
Rxc8 Rxc8 32. Rb8 Rxb8 33. Nxb8 Ba3 34. c4 Bb2 ( 34... Kf8 35. Nc6 $16 )35. Nc6
$18 Nd6 36. c5 Nb5 37. Bf2 Kf7 38. Kf1 Ke8 39. Ke2 Kd7 40. Ne5+ Kc7 41. Nf3 (
41. Kd3 $5 $18 $142)41... Kc6 $16 42. Kd3 Kd5 43. Kc2 Bxd4 $4 { but even a
better move would not have saved the game.}  ( 43... Ba1 $16 $142)44. Bxd4 $18 
1-0